000 01191cam a2200313 i 4500
001 61675
003 Mx-PuUPA
005 20231031133808.0
008 141107s1980 mx fr 001 0 spa|d
040 _aMx-PuUPA
_bspa
_cMx-PuUPA
_dMx-PuUPA
_erda
041 0 _aspa
110 2 _aCentro de Estudios Guadalupanos UPAEP,
_910151
_eautor
245 1 0 _aDocumentario Guadalupano :
_b1531-1768 /
_cCentro de Estudios Guadalupanos ; coordinadores, Enrique R. Salazar, Maurilio Montemayor Narro, Luis Medina Ascensio
250 _aPrimera edición
264 1 _aMéxico, D.F. :
_bEditorial Tradición,
_c1980
300 _a299 páginas ;
_c21 cm
336 _atexto
_2rdacontent
_btxt
337 _asin medio
_2rdamedia
_bn
338 _avolumen
_2rdacarrier
_bnc
490 0 _aMonumenta Histórica Guadalupanensia ;
_v3
600 0 4 _aVirgen de Guadalupe
_xHistoria
_zMéxico
650 7 _aCatolicismo
_xHistoria
_zMéxico
_2armarc
700 1 _aSalazar, Enrique R.,
_ecoordinador
700 1 _aMontemayor Narro, Maurilio,
_ecoordinador
700 1 _aMedina Ascensio, Luis,
_ecoordinador
942 _2ddc
_cLI
_h232.917
_iD636
999 _c61675
_d61675